| 000 | 00437nab a2200145Ia 4500 | ||
|---|---|---|---|
| 003 | ES-SlBCS | ||
| 005 | 20210601131746.0 | ||
| 008 | 140529s1929 xxu||||| |||| 00| 0 fre d | ||
| 041 | _afre | ||
| 100 | 1 |
_aRabeau, Gaston _917408 |
|
| 245 | 0 | 0 |
_aInstitutions internationales _c Gaston Rabeau |
| 650 | 0 | 4 |
_aInstituciones Internacionales _9188662 |
| 773 | 0 |
_tVie Intelectuelle (La) _gvol. 4, nº. 3, 1929, págs. 304-307 _wRev907 |
|
| 942 | _cAR | ||
| 999 |
_c568301 _d568301 |
||